[Event "HUN-chT2 Erkel 1617"]
[Site "Hungary"]
[Date "2017.04.09"]
[Round "11.4"]
[White "Szatmary, Revay Jozsef"]
[Black "Kormos, Adam"]
[Result "1-0"]
[WhiteElo "1967"]
[BlackElo "2148"]
[PlyCount "51"]
[EventDate "2016.09.25"]
[EventType "team-tourn"]
[EventRounds "11"]
[EventCountry "HUN"]
[SourceTitle "EXT 2021"]
[Source "ChessBase"]
[SourceDate "2020.10.23"]
[SourceVersion "1"]
[SourceVersionDate "2020.10.23"]
[SourceQuality "1"]
[WhiteTeam "Gyongyos Matra"]
[BlackTeam "Budapest EAC"]
[WhiteTeamCountry "HUN"]
[BlackTeamCountry "HUN"]

1. d4 d6 2. g3 Nd7 3. Nf3 e5 4. e3 e4 5. Nfd2 Ndf6 6. c4 c6 7. Nc3 d5 8. Qb3 a6 9. Bg2 h5 10. h3 Nh6 11. Na4 b5 12. cxb5 cxb5 13. Nc3 Be6 14. Ne2 g5 15. Qd1 Bd6 16. Nb3 h4 17. Nc5 hxg3 18. fxg3 Qc7 19. 0-0 Nh5 20. Nxe6 fxe6 21. Bd2 Nxg3 22. Nxg3 Bxg3 23. Qh5+ Nf7 24. Qg6 Qe7 25. Bb4 Qxb4 26. Rxf7 1-0

[Event "HUN-chT2 Erkel 1617"]
[Site "Hungary"]
[Date "2017.02.26"]
[Round "9.5"]
[White "Kerek, Krisztian"]
[Black "Szatmary, Revay Jozsef"]
[Result "1-0"]
[WhiteElo "2269"]
[BlackElo "1967"]
[PlyCount "89"]
[EventDate "2016.09.25"]
[EventType "team-tourn"]
[EventRounds "11"]
[EventCountry "HUN"]
[SourceTitle "EXT 2021"]
[Source "ChessBase"]
[SourceDate "2020.10.23"]
[SourceVersion "1"]
[SourceVersionDate "2020.10.23"]
[SourceQuality "1"]
[WhiteTeam "Szigetszentmiklos"]
[BlackTeam "Gyongyos Matra"]
[WhiteTeamCountry "HUN"]
[BlackTeamCountry "HUN"]

1. e4 e6 2. Qe2 b6 3. Nf3 Bb7 4. g3 g6 5. Bg2 Bg7 6. 0-0 Nc6 7. c3 a5 8. Re1 Nge7 9. d4 0-0 10. h4 Ba6 11. Qd1 d5 12. e5 Qd7 13. Na3 Rae8 14. Bg5 Kh8 15. Qd2 Ng8 16. Nc2 h6 17. Bf6 Bxf6 18. exf6 Qd8 19. Ne5 Nb8 20. h5 g5 21. f4 Qxf6 22. Qf2 gxf4 23. gxf4 Ne7 24. Ne3 Nf5 25. N3g4 Qg7 26. Kh2 Nc6 27. Bh3 Nxe5 28. fxe5 Rd8 29. Nf6 Qg5 30. Bxf5 Qxf5 31. Qd2 Qg5 32. Qxg5 hxg5 33. Rg1 Rg8 34. Nxg8 Rxg8 35. Rg2 Kh7 36. Rf2 Rg7 37. Kg3 Bd3 38. h6 Rg8 39. Rxf7+ Kxh6 40. Rh1+ Kg6 41. Rf6+ Kg7 42. Rh5 Bh7 43. Rxg5+ Kh8 44. Rxg8+ Kxg8 45. Rxe6 1-0

[Event "HUN-chT2 Erkel 1617"]
[Site "Hungary"]
[Date "2016.12.11"]
[Round "6.4"]
[White "Nadasi, Balazs"]
[Black "Szatmary, Revay Jozsef"]
[Result "1/2-1/2"]
[WhiteElo "2141"]
[BlackElo "1967"]
[PlyCount "90"]
[EventDate "2016.09.25"]
[EventType "team-tourn"]
[EventRounds "11"]
[EventCountry "HUN"]
[SourceTitle "EXT 2021"]
[Source "ChessBase"]
[SourceDate "2020.10.23"]
[SourceVersion "1"]
[SourceVersionDate "2020.10.23"]
[SourceQuality "1"]
[WhiteTeam "Sarkany DSE"]
[BlackTeam "Gyongyos Matra"]
[WhiteTeamCountry "HUN"]
[BlackTeamCountry "HUN"]

1. e4 e6 2. d4 d5 3. Nc3 dxe4 4. Nxe4 Bd7 5. Nf3 Bc6 6. Ng3 Nd7 7. Bd3 Ngf6 8. 0-0 Be7 9. c3 Bxf3 10. Qxf3 c6 11. Re1 0-0 12. Bc2 Re8 13. b3 Nf8 14. Bb2 Qc7 15. c4 Rad8 16. Ne4 Nxe4 17. Rxe4 Ng6 18. g3 Nf8 19. Re2 Bf6 20. Rd1 b6 21. Red2 c5 22. Be4 cxd4 23. Bc6 Nd7 24. Bxd4 Bxd4 25. Bxd7 Rxd7 26. Rxd4 Rxd4 27. Rxd4 e5 28. Rd5 g6 29. Qd1 Re7 30. Rd8+ Kg7 31. Qd5 h5 32. h4 e4 33. Qd4+ Qe5 34. Qxe5+ Rxe5 35. Rd7 a5 36. Rd6 b5 37. cxb5 Rxb5 38. Ra6 Rc5 39. a4 Rc3 40. Rxa5 Rxb3 41. Ra8 e3 42. fxe3 Rxe3 43. Kf2 Ra3 44. a5 Kf6 45. a6 Kf5 1/2-1/2

[Event "HUN-chT2 Erkel 1617"]
[Site "Hungary"]
[Date "2016.09.25"]
[Round "1.4"]
[White "Nagyajtai, Gabor"]
[Black "Szatmary, Revay Jozsef"]
[Result "1-0"]
[WhiteElo "2147"]
[BlackElo "1967"]
[PlyCount "121"]
[EventDate "2016.09.25"]
[EventType "team-tourn"]
[EventRounds "11"]
[EventCountry "HUN"]
[SourceTitle "EXT 2021"]
[Source "ChessBase"]
[SourceDate "2020.10.23"]
[SourceVersion "1"]
[SourceVersionDate "2020.10.23"]
[SourceQuality "1"]
[WhiteTeam "Szada GSBE"]
[BlackTeam "Gyongyos Matra"]
[WhiteTeamCountry "HUN"]
[BlackTeamCountry "HUN"]

1. d4 e6 2. c4 d5 3. Nc3 Nf6 4. cxd5 exd5 5. Bg5 Nbd7 6. e3 c6 7. Bd3 Qa5 8. Qc2 Bd6 9. Nf3 0-0 10. 0-0 Re8 11. a3 h6 12. Bh4 a6 13. b4 Qd8 14. Rab1 Be7 15. Bg3 Nh5 16. Nxd5 Nxg3 17. Nxe7+ Qxe7 18. hxg3 Nb6 19. Qc5 Na4 20. Qc2 Nb6 21. Ne5 Be6 22. Qc5 Na4 23. Qc2 Nb6 24. Rfc1 Nd7 25. Nxd7 Qxd7 26. Qc5 Rac8 27. Qb6 Bd5 28. Rc5 Re7 29. Rbc1 Rce8 30. a4 Qg4 31. R5c3 h5 32. Bc4 h4 33. Bxd5 cxd5 34. gxh4 Qxh4 35. Rc8 Rxc8 36. Rxc8+ Kh7 37. Qd8 Qe4 38. Qh8+ Kg6 39. Rc1 f5 40. Qc8 Qd3 41. Qc3 Qe4 42. Qc2 f4 43. Qxe4+ Rxe4 44. Rc3 fxe3 45. fxe3 Re7 46. Kf2 Kf5 47. Kf3 g5 48. g4+ Ke6 49. Rc8 Rf7+ 50. Kg2 Re7 51. Kf3 Rf7+ 52. Ke2 Re7 53. b5 axb5 54. axb5 Rg7 55. b6 Kd6 56. Kd3 Ke6 57. e4 dxe4+ 58. Kxe4 Rf7 59. d5+ Kd6 60. Rd8+ Ke7 61. Rg8 1-0

[Event "HUN-chT2 Erkel 1516"]
[Site "Hungary"]
[Date "2015.11.29"]
[Round "5.7"]
[White "Toth, Mate Jozsef"]
[Black "Szatmary, Revay Jozsef"]
[Result "0-1"]
[WhiteElo "1875"]
[BlackElo "1975"]
[PlyCount "44"]
[EventDate "2015.09.13"]
[EventType "team-tourn"]
[EventRounds "11"]
[EventCountry "HUN"]
[SourceTitle "CBM 170 Extra"]
[Source "ChessBase"]
[SourceDate "2016.02.25"]
[SourceVersion "1"]
[SourceVersionDate "2016.02.25"]
[SourceQuality "1"]
[WhiteTeam "GSBE"]
[BlackTeam "Matra"]
[WhiteTeamCountry "HUN"]
[BlackTeamCountry "HUN"]

1. c4 e6 2. Nc3 Nf6 3. Nf3 b6 4. g3 Bb7 5. Bg2 Be7 6. 0-0 0-0 7. d4 d5 8. Ne5 Nbd7 9. Bg5 c6 10. Rc1 Nxe5 11. dxe5 Nd7 12. Bxe7 Qxe7 13. cxd5 cxd5 14. Nb5 Nxe5 15. Rc7 Qb4 16. Nd4 Ba6 17. b3 Qd6 18. Qc2 Qb4 19. Rd1 h6 20. Bh3 Qd6 21. f4 Rfc8 22. fxe5 Qxc7 0-1

[Event "HUN-chT2 Erkel 1415"]
[Site "Hungary"]
[Date "2015.03.01"]
[Round "7.5"]
[White "Szatmary, Revay Jozsef"]
[Black "Nagy, Karoly"]
[Result "1/2-1/2"]
[WhiteElo "1995"]
[BlackElo "2093"]
[PlyCount "51"]
[EventDate "2014.09.28"]
[EventType "team-tourn"]
[EventRounds "9"]
[EventCountry "HUN"]
[SourceTitle "EXT 2016"]
[Source "ChessBase"]
[SourceDate "2015.10.08"]
[SourceVersion "1"]
[SourceVersionDate "2015.10.08"]
[SourceQuality "1"]
[WhiteTeam "Matra"]
[BlackTeam "Jaszbereny"]
[WhiteTeamCountry "HUN"]
[BlackTeamCountry "HUN"]

1. d4 d5 2. c4 e6 3. Nc3 f5 4. Nf3 Nf6 5. Bg5 c6 6. e3 Bd6 7. cxd5 exd5 8. Bd3 0-0 9. Qc2 h6 10. Bxf6 Qxf6 11. g3 a5 12. a3 Kh8 13. Ne2 Na6 14. Nf4 Bd7 15. h4 Bxf4 16. gxf4 h5 17. Rg1 g6 18. Ne5 Be8 19. Rg5 Rg8 20. Ke2 Nc7 21. Rag1 Ne6 22. R5g3 Rg7 23. Nf3 b5 24. Ng5 Nf8 25. Nf3 Ne6 26. Ng5 1/2-1/2

[Event "HUN-chT2 Erkel 1415"]
[Site "Hungary"]
[Date "2015.01.25"]
[Round "5.5"]
[White "Szatmary, Revay Jozsef"]
[Black "Rigo, Janos"]
[Result "0-1"]
[WhiteElo "1995"]
[BlackElo "2265"]
[PlyCount "106"]
[EventDate "2014.09.28"]
[EventType "team-tourn"]
[EventRounds "9"]
[EventCountry "HUN"]
[SourceTitle "EXT 2016"]
[Source "ChessBase"]
[SourceDate "2015.10.08"]
[SourceVersion "1"]
[SourceVersionDate "2015.10.08"]
[SourceQuality "1"]
[WhiteTeam "Matra"]
[BlackTeam "HASE"]
[WhiteTeamCountry "HUN"]
[BlackTeamCountry "HUN"]

1. d4 Nf6 2. c4 e6 3. Nf3 b6 4. g3 Ba6 5. b3 b5 6. e3 bxc4 7. Bxc4 d5 8. Bxa6 Nxa6 9. 0-0 Bd6 10. Ba3 0-0 11. Bxd6 cxd6 12. Nc3 Rc8 13. Rc1 Qa5 14. Qd2 Nb4 15. Rfd1 h6 16. Qb2 Qa6 17. Ne1 Ne4 18. a3 Nc6 19. b4 Ne7 20. Rd3 Rc4 21. Nxe4 dxe4 22. Rxc4 Qxc4 23. Rc3 Qa6 24. Qc1 Rd8 25. Qb2 Nd5 26. Rc1 Nb6 27. Qb3 d5 28. Rc2 Nc4 29. Rc3 Rb8 30. Kg2 Nd2 31. b5 Rxb5 32. Qd1 Rb2 33. Nc2 Rb1 34. Nb4 Qb5 35. Rc1 Rb2 36. Rc2 Rxc2 37. Nxc2 Nc4 38. Qc1 a5 39. h4 Qb3 40. Kg1 Kh7 41. Kg2 f6 42. h5 Qd3 43. Qb1 Qe2 44. Qc1 Qxh5 45. Qe1 Qf3+ 46. Kg1 h5 47. a4 Qg4 48. Kf1 g5 49. Kg2 h4 50. Kh2 Kg6 51. Qf1 hxg3+ 52. fxg3 Nd2 53. Qb5 Qh5+ 0-1

[Event "HUN-chT2 Erkel 1415"]
[Site "Hungary"]
[Date "2014.10.05"]
[Round "1.6"]
[White "Kulcsar, Tamas"]
[Black "Szatmary, Revay Jozsef"]
[Result "1/2-1/2"]
[WhiteElo "2062"]
[BlackElo "1995"]
[PlyCount "69"]
[EventDate "2014.09.28"]
[EventType "team-tourn"]
[EventRounds "9"]
[EventCountry "HUN"]
[SourceTitle "EXT 2016"]
[Source "ChessBase"]
[SourceDate "2015.10.08"]
[SourceVersion "1"]
[SourceVersionDate "2015.10.08"]
[SourceQuality "1"]
[WhiteTeam "Vizugy"]
[BlackTeam "Matra"]
[WhiteTeamCountry "HUN"]
[BlackTeamCountry "HUN"]

1. d4 e6 2. c4 d5 3. Nc3 Nf6 4. Bg5 Be7 5. Nf3 Nbd7 6. e3 Nb6 7. c5 Nbd7 8. Bd3 c6 9. b4 Nh5 10. Bxe7 Qxe7 11. Rc1 e5 12. dxe5 Nxe5 13. Nxe5 Qxe5 14. 0-0 Nf6 15. Ne2 Bg4 16. Qb3 Bxe2 17. Bxe2 0-0 18. Rfd1 a6 19. a4 Qe7 20. Bf3 Nd7 21. e4 dxe4 22. Bxe4 Nxc5 23. Bxh7+ Kxh7 24. bxc5 Rfe8 25. g3 Rad8 26. Rd6 Rxd6 27. cxd6 Qd7 28. Rc4 Qxd6 29. Rh4+ Kg8 30. Qb1 g6 31. Qb2 Qd1+ 32. Kg2 Qd5+ 33. Kh3 Qf5+ 34. Kg2 Qd5+ 35. Kh3 1/2-1/2

[Event "HUN-chT2 Erkel 1314"]
[Site "Hungary"]
[Date "2014.04.27"]
[Round "11.9"]
[White "Szurovszky, Elek"]
[Black "Szatmary, Revay Jozsef"]
[Result "1/2-1/2"]
[WhiteElo "2024"]
[BlackElo "2002"]
[PlyCount "48"]
[EventDate "2013.09.08"]
[EventType "team-tourn"]
[EventRounds "11"]
[EventCountry "HUN"]
[SourceTitle "EXT 2016"]
[Source "ChessBase"]
[SourceDate "2015.10.08"]
[SourceVersion "1"]
[SourceVersionDate "2015.10.08"]
[SourceQuality "1"]
[WhiteTeam "Dunaharaszti II"]
[BlackTeam "Gyongyos Matra"]
[WhiteTeamCountry "HUN"]
[BlackTeamCountry "HUN"]

1. e4 e6 2. Qe2 b6 3. d3 Nc6 4. Nf3 g6 5. c3 Bg7 6. Bg5 f6 7. Bh4 Nge7 8. Nbd2 Ba6 9. Nb3 e5 10. c4 d6 11. d4 exd4 12. Nfxd4 Bc8 13. 0-0-0 Nxd4 14. Nxd4 Bd7 15. f3 Qc8 16. Kb1 Nc6 17. Bf2 Qb7 18. h4 0-0-0 19. h5 f5 20. h6 Bxd4 21. Bxd4 Nxd4 22. Rxd4 fxe4 23. fxe4 Rde8 24. Qc2 Re7 1/2-1/2

[Event "HUN-chT2 Erkel 1314"]
[Site "Hungary"]
[Date "2014.03.23"]
[Round "9.8"]
[White "Torok, Tamas Titusz"]
[Black "Szatmary, Revay Jozsef"]
[Result "1/2-1/2"]
[WhiteElo "2085"]
[BlackElo "2002"]
[PlyCount "48"]
[EventDate "2013.09.08"]
[EventType "team-tourn"]
[EventRounds "11"]
[EventCountry "HUN"]
[SourceTitle "EXT 2016"]
[Source "ChessBase"]
[SourceDate "2015.10.08"]
[SourceVersion "1"]
[SourceVersionDate "2015.10.08"]
[SourceQuality "1"]
[WhiteTeam "Pestszentlorinc"]
[BlackTeam "Gyongyos Matra"]
[WhiteTeamCountry "HUN"]
[BlackTeamCountry "HUN"]

1. b3 d5 2. Bb2 Nf6 3. Nf3 e6 4. e3 Be7 5. c4 c6 6. Be2 Nbd7 7. 0-0 Nc5 8. d4 Nce4 9. Ne5 0-0 10. c5 Nd7 11. Nxd7 Bxd7 12. f3 Nf6 13. Qc2 Ne8 14. Nd2 f5 15. e4 g6 16. e5 a6 17. f4 Ng7 18. b4 Kh8 19. Nf3 Rg8 20. Bc1 h6 21. Qb3 Kh7 22. Kh1 Ne8 23. Bd2 Nc7 24. a4 Qe8 1/2-1/2

[Event "HUN-chT2 Erkel 1314"]
[Site "Hungary"]
[Date "2014.03.02"]
[Round "8.9"]
[White "Szarvas, Sandor"]
[Black "Szatmary, Revay Jozsef"]
[Result "1/2-1/2"]
[WhiteElo "1966"]
[BlackElo "2002"]
[PlyCount "52"]
[EventDate "2013.09.08"]
[EventType "team-tourn"]
[EventRounds "11"]
[EventCountry "HUN"]
[SourceTitle "EXT 2016"]
[Source "ChessBase"]
[SourceDate "2015.10.08"]
[SourceVersion "1"]
[SourceVersionDate "2015.10.08"]
[SourceQuality "1"]
[WhiteTeam "Andornaktalya"]
[BlackTeam "Gyongyos Matra"]
[WhiteTeamCountry "HUN"]
[BlackTeamCountry "HUN"]

1. c4 e6 2. g3 c5 3. Nf3 Nc6 4. d4 cxd4 5. Nxd4 Qb6 6. Nc2 Nb4 7. Bg2 Nf6 8. 0-0 Nxc2 9. Qxc2 d6 10. b3 Bd7 11. Nc3 Bc6 12. Ne4 Be7 13. Bb2 Nxe4 14. Bxe4 Bxe4 15. Qxe4 0-0 16. Qg4 g6 17. Rfd1 Rfd8 18. Rd2 Rd7 19. Rad1 Rad8 20. h4 h5 21. Qe4 a6 22. Bd4 Qc6 23. Qxc6 bxc6 24. e4 Kf8 25. Bb6 Rb8 26. Bc5 Rbd8 1/2-1/2

[Event "HUN-chT2 Erkel 1314"]
[Site "Hungary"]
[Date "2013.11.17"]
[Round "5.8"]
[White "Szatmary, Revay Jozsef"]
[Black "Papp, Antal"]
[Result "1/2-1/2"]
[WhiteElo "2002"]
[BlackElo "2073"]
[PlyCount "40"]
[EventDate "2013.09.08"]
[EventType "team-tourn"]
[EventRounds "11"]
[EventCountry "HUN"]
[SourceTitle "EXT 2016"]
[Source "ChessBase"]
[SourceDate "2015.10.08"]
[SourceVersion "1"]
[SourceVersionDate "2015.10.08"]
[SourceQuality "1"]
[WhiteTeam "Gyongyos Matra"]
[BlackTeam "Budapest Honved"]
[WhiteTeamCountry "HUN"]
[BlackTeamCountry "HUN"]

1. d4 Nf6 2. c4 e6 3. Nf3 d5 4. e3 Be7 5. Nc3 0-0 6. Be2 Nbd7 7. 0-0 b6 8. cxd5 exd5 9. Ne5 Bb7 10. Bf3 Bd6 11. Nxd7 Qxd7 12. g3 Rfd8 13. b3 a6 14. Bb2 Re8 15. Qc2 Ne4 16. Bg2 Qf5 17. Rac1 Qh5 18. Qe2 Qg6 19. f4 h5 20. Nxe4 dxe4 1/2-1/2

[Event "HUN-chT2 Erkel 1213"]
[Site "Hungary"]
[Date "2013.03.24"]
[Round "9.8"]
[White "Halasz, Csaba"]
[Black "Szatmary, Revay Jozsef"]
[Result "1/2-1/2"]
[WhiteElo "2161"]
[BlackElo "2028"]
[PlyCount "28"]
[EventDate "2012.09.16"]
[EventType "team-tourn"]
[EventRounds "11"]
[EventCountry "HUN"]
[SourceTitle "EXT 2014"]
[Source "ChessBase"]
[SourceDate "2013.11.20"]
[SourceVersion "1"]
[SourceVersionDate "2013.11.20"]
[SourceQuality "1"]
[WhiteTeam "Barcza"]
[BlackTeam "Matra"]
[WhiteTeamCountry "HUN"]
[BlackTeamCountry "HUN"]

1. e4 e6 2. d4 d5 3. e5 c5 4. c3 Nc6 5. Nf3 Nge7 6. Bd3 Ng6 7. 0-0 Be7 8. Re1 Bd7 9. dxc5 Bxc5 10. b4 Be7 11. Nbd2 Qc7 12. Qe2 Nf4 13. Qe3 Nxd3 14. Qxd3 0-0 1/2-1/2

[Event "HUN-chT2 Erkel 1213"]
[Site "Hungary"]
[Date "2012.11.18"]
[Round "4.9"]
[White "Hidvegi, Attila"]
[Black "Szatmary, Revay Jozsef"]
[Result "1/2-1/2"]
[WhiteElo "2036"]
[BlackElo "2028"]
[PlyCount "28"]
[EventDate "2012.09.16"]
[EventType "team-tourn"]
[EventRounds "11"]
[EventCountry "HUN"]
[SourceTitle "EXT 2014"]
[Source "ChessBase"]
[SourceDate "2013.11.20"]
[SourceVersion "1"]
[SourceVersionDate "2013.11.20"]
[SourceQuality "1"]
[WhiteTeam "Pestszentlorinc"]
[BlackTeam "Matra"]
[WhiteTeamCountry "HUN"]
[BlackTeamCountry "HUN"]

1. e4 e6 2. d4 d5 3. Nd2 c5 4. Ngf3 Nc6 5. dxc5 Bxc5 6. Bd3 Nf6 7. 0-0 a6 8. c3 Bd7 9. Qe2 Qc7 10. h3 Ba7 11. Nb3 dxe4 12. Bxe4 Nxe4 13. Qxe4 Ne7 14. Bf4 Qc6 1/2-1/2

[Event "HUN-chT2 Erkel 1213"]
[Site "Hungary"]
[Date "2012.10.07"]
[Round "2.8"]
[White "Palvolgyi, Istvan"]
[Black "Szatmary, Revay Jozsef"]
[Result "1/2-1/2"]
[WhiteElo "2105"]
[BlackElo "2028"]
[PlyCount "72"]
[EventDate "2012.09.16"]
[EventType "team-tourn"]
[EventRounds "11"]
[EventCountry "HUN"]
[SourceTitle "EXT 2014"]
[Source "ChessBase"]
[SourceDate "2013.11.20"]
[SourceVersion "1"]
[SourceVersionDate "2013.11.20"]
[SourceQuality "1"]
[WhiteTeam "Dunaharaszti"]
[BlackTeam "Matra"]
[WhiteTeamCountry "HUN"]
[BlackTeamCountry "HUN"]

1. e4 e6 2. Qe2 b6 3. Nc3 Bb7 4. Nf3 Nc6 5. d4 Bb4 6. Bd2 Qe7 7. 0-0-0 Nf6 8. Kb1 Bxc3 9. Bxc3 d5 10. e5 Ne4 11. Be1 Ng5 12. Nxg5 Qxg5 13. h4 Qe7 14. g4 h6 15. f4 0-0-0 16. Rh3 Kb8 17. h5 Rdf8 18. Bh4 Qd7 19. Ra3 Na5 20. Qf2 Rc8 21. f5 Rhg8 22. Rf3 c5 23. fxe6 fxe6 24. Rf7 Qc6 25. Bd3 Rc7 26. Be7 Ka8 27. Bd6 Rcc8 28. Bh7 Rh8 29. Rxg7 cxd4 30. Bd3 Nc4 31. Bxc4 dxc4 32. Qxd4 Qf3 33. Rg1 Be4 34. Re1 Bd5 35. Qg1 Rhg8 36. Rf1 Qxf1+ 1/2-1/2

[Event "HUN-chT2 Erkel 1213"]
[Site "Hungary"]
[Date "2012.09.16"]
[Round "1.9"]
[White "Rinyu, Janos"]
[Black "Szatmary, Revay Jozsef"]
[Result "1/2-1/2"]
[WhiteElo "1926"]
[BlackElo "2028"]
[PlyCount "39"]
[EventDate "2012.09.16"]
[EventType "team-tourn"]
[EventRounds "11"]
[EventCountry "HUN"]
[SourceTitle "EXT 2014"]
[Source "ChessBase"]
[SourceDate "2013.11.20"]
[SourceVersion "1"]
[SourceVersionDate "2013.11.20"]
[SourceQuality "1"]
[WhiteTeam "Foti"]
[BlackTeam "Matra"]
[WhiteTeamCountry "HUN"]
[BlackTeamCountry "HUN"]

1. d4 e6 2. Bf4 Nf6 3. e3 d5 4. Bd3 c5 5. c3 Nc6 6. Nd2 Bd7 7. Ngf3 Rc8 8. Ne5 Be7 9. 0-0 0-0 10. Ndf3 Be8 11. Nxc6 Bxc6 12. Ne5 Be8 13. Qf3 Nd7 14. Qh3 f5 15. g4 Nxe5 16. Bxe5 g6 17. gxf5 exf5 18. Kh1 Bd6 19. Rg1 Bxe5 20. dxe5 1/2-1/2

[Event "HUN-chT2 Erkel 1011"]
[Site "Hungary"]
[Date "2010.10.24"]
[Round "4.7"]
[White "Mayer, Istvan"]
[Black "Szatmary, Revay Jozsef"]
[Result "1-0"]
[WhiteElo "2079"]
[BlackElo "2090"]
[PlyCount "67"]
[EventDate "2010.09.12"]
[EventType "team-tourn"]
[EventRounds "11"]
[EventCountry "HUN"]
[SourceTitle "EXT 2012"]
[Source "ChessBase"]
[SourceDate "2011.11.24"]
[SourceVersion "1"]
[SourceVersionDate "2011.11.24"]
[SourceQuality "1"]
[WhiteTeam "Pestszentlorinc"]
[BlackTeam "Matra"]
[WhiteTeamCountry "HUN"]
[BlackTeamCountry "HUN"]

1. e4 e6 2. d4 d5 3. e5 c5 4. c3 Nc6 5. Nf3 Qb6 6. Be2 Nge7 7. dxc5 Qxc5 8. 0-0 Qb6 9. Re1 Ng6 10. Bf1 Bc5 11. Qe2 Qc7 12. b4 Be7 13. a4 b6 14. Na3 0-0 15. Nb5 Qd8 16. Nbd4 Nxd4 17. Nxd4 Bd7 18. Bd2 Rc8 19. a5 Qc7 20. Qh5 Rb8 21. Bd3 b5 22. Re3 f5 23. exf6 Rxf6 24. Rh3 e5 25. Nf5 Bxf5 26. Bxf5 Kf7 27. Bd3 Qd6 28. Qe2 a6 29. Rxh7 e4 30. Bc2 Ne5 31. Bb3 Qe6 32. Qh5+ Rg6 33. Bf4 Nc4 34. Bxb8 1-0

[Event "HUN-chT2 Erkel 1011"]
[Site "Hungary"]
[Date "2010.10.10"]
[Round "3.6"]
[White "Horvath, Jeno Kalman"]
[Black "Szatmary, Revay Jozsef"]
[Result "1/2-1/2"]
[WhiteElo "2048"]
[BlackElo "2090"]
[PlyCount "61"]
[EventDate "2010.09.12"]
[EventType "team-tourn"]
[EventRounds "11"]
[EventCountry "HUN"]
[SourceTitle "EXT 2012"]
[Source "ChessBase"]
[SourceDate "2011.11.24"]
[SourceVersion "1"]
[SourceVersionDate "2011.11.24"]
[SourceQuality "1"]
[WhiteTeam "Foti"]
[BlackTeam "Matra"]
[WhiteTeamCountry "HUN"]
[BlackTeamCountry "HUN"]

1. d4 Nf6 2. c4 e6 3. Nc3 d5 4. Nf3 Bb4 5. e3 0-0 6. Bd3 Nbd7 7. 0-0 c6 8. Qc2 Bd6 9. e4 dxe4 10. Nxe4 Nxe4 11. Bxe4 Nf6 12. Bd3 h6 13. Qe2 Qc7 14. h3 Re8 15. Re1 b6 16. Bd2 Bb7 17. Ne5 c5 18. Bc3 Bxe5 19. dxe5 Qc6 20. Qf1 Nh7 21. Be4 Qc7 22. Qe2 Bxe4 23. Qxe4 Rad8 24. Rad1 Nf8 25. Qg4 Ng6 26. Qe4 Rxd1 27. Rxd1 Rd8 28. Rxd8+ Qxd8 29. g3 Qd7 30. Kg2 Ne7 31. Qa8+ 1/2-1/2

[Event "HUN-ch Seniors"]
[Site "Ajka"]
[Date "2009.06.26"]
[Round "7"]
[White "Krizsany, Laszlo Sr"]
[Black "Szatmary, Revay Jozsef"]
[Result "1/2-1/2"]
[WhiteElo "2090"]
[BlackElo "2085"]
[PlyCount "28"]
[EventDate "2009.06.22"]
[EventType "swiss"]
[EventRounds "9"]
[EventCountry "HUN"]
[SourceTitle "EXT 2011"]
[Source "ChessBase"]
[SourceDate "2010.11.26"]
[SourceVersion "1"]
[SourceVersionDate "2010.11.26"]
[SourceQuality "1"]

1. d4 d5 2. Nf3 Nf6 3. c4 e6 4. Nc3 Bd6 5. Bg5 c6 6. cxd5 exd5 7. e3 Bg4 8. Be2 Nbd7 9. 0-0 0-0 10. h3 Bh5 11. Nh2 Qc7 12. Bxh5 Bxh2+ 13. Kh1 Nxh5 14. Qxh5 Bd6 1/2-1/2

[Event "HUN-ch Seniors"]
[Site "Ajka"]
[Date "2009.06.25"]
[Round "5"]
[White "Lengyel, Laszlo"]
[Black "Szatmary, Revay Jozsef"]
[Result "1/2-1/2"]
[WhiteElo "2151"]
[BlackElo "2085"]
[PlyCount "22"]
[EventDate "2009.06.22"]
[EventType "swiss"]
[EventRounds "9"]
[EventCountry "HUN"]
[SourceTitle "EXT 2011"]
[Source "ChessBase"]
[SourceDate "2010.11.26"]
[SourceVersion "1"]
[SourceVersionDate "2010.11.26"]
[SourceQuality "1"]

1. Nf3 Nf6 2. e3 d5 3. c4 e6 4. Nc3 c6 5. a3 Bd6 6. d4 Nbd7 7. cxd5 exd5 8. Bd3 0-0 9. 0-0 Re8 10. Qc2 Nf8 11. h3 Qc7 1/2-1/2

[Event "HUN-ch Seniors"]
[Site "Ajka"]
[Date "2009.06.24"]
[Round "4"]
[White "Szatmary, Revay Jozsef"]
[Black "Szabo, Vilmos"]
[Result "1-0"]
[WhiteElo "2085"]
[BlackElo "1795"]
[PlyCount "61"]
[EventDate "2009.06.22"]
[EventType "swiss"]
[EventRounds "9"]
[EventCountry "HUN"]
[SourceTitle "EXT 2011"]
[Source "ChessBase"]
[SourceDate "2010.11.26"]
[SourceVersion "1"]
[SourceVersionDate "2010.11.26"]
[SourceQuality "1"]

1. d4 Nf6 2. c4 e6 3. Nc3 b6 4. e4 Bb4 5. Bd3 Bb7 6. f3 0-0 7. Nge2 d5 8. cxd5 exd5 9. e5 Nfd7 10. a3 Bxc3+ 11. bxc3 c5 12. Be3 cxd4 13. cxd4 Re8 14. 0-0 Nf8 15. f4 Ba6 16. Ng3 Bxd3 17. Qxd3 g6 18. f5 Nc6 19. Rad1 Na5 20. Bh6 Qh4 21. Bxf8 Rxf8 22. Rd2 Nc4 23. Rdf2 Qe7 24. Ra1 Rad8 25. f6 Qd7 26. Nf5 Kh8 27. Ne7 Na5 28. Rf4 Nc6 29. Nxc6 Qxc6 30. Rh4 Qc4 31. Qe3 1-0

[Event "HUN-ch Seniors"]
[Site "Ajka"]
[Date "2009.06.22"]
[Round "1"]
[White "Dan, Francisc"]
[Black "Szatmary, Revay Jozsef"]
[Result "0-1"]
[WhiteElo "1776"]
[BlackElo "2085"]
[PlyCount "86"]
[EventDate "2009.06.22"]
[EventType "swiss"]
[EventRounds "9"]
[EventCountry "HUN"]
[SourceTitle "EXT 2011"]
[Source "ChessBase"]
[SourceDate "2010.11.26"]
[SourceVersion "1"]
[SourceVersionDate "2010.11.26"]
[SourceQuality "1"]

1. e4 e6 2. d4 d5 3. Nd2 Nf6 4. e5 Nfd7 5. Ngf3 c5 6. c3 Nc6 7. Bd3 Qb6 8. 0-0 cxd4 9. cxd4 Nxd4 10. Nxd4 Qxd4 11. Nf3 Qb6 12. a3 Be7 13. b4 Qd8 14. Bb2 Nb6 15. Bb5+ Bd7 16. Qe2 Bxb5 17. Qxb5+ Qd7 18. Qxd7+ Kxd7 19. Nd2 Rhc8 20. Rac1 Rxc1 21. Rxc1 Bg5 22. Rc2 Bxd2 23. Rxd2 Rc8 24. g3 Nc4 25. Re2 b5 26. Kg2 g6 27. h4 a6 28. Kh3 h5 29. Bd4 Nxa3 30. Ra2 Rc4 31. Bc5 Rc3 32. Bd6 Rb3 33. Bc5 Kc6 34. Kg2 a5 35. Bd6 a4 36. f3 Nc4 37. Bc5 a3 38. Kh3 Nxe5 39. Bd4 Nc4 40. Bf6 Rxf3 41. Bd4 e5 42. Kg2 Rb3 43. Bc5 Rb2+ 0-1